F16_小学校6年生で学習する漢字 - Statistics

General Stats
  • This quiz has been taken 5 times
  • The average score is 51 of 191
Answer Stats
画数 漢字 % Correct
3
50%
3
50%
5
50%
7
50%
7
50%
8
50%
8
50%
8
50%
8
50%
9
50%
9
50%
10
50%
10
50%
10
50%
10
50%
10
50%
11
50%
11
50%
11
50%
12
50%
12
50%
12
50%
12
50%
12
50%
12
50%
13
50%
14
50%
15
50%
15
50%
18
50%
3
25%
3
25%
4
25%
4
25%
4
25%
4
25%
5
25%
5
25%
5
25%
5
25%
6
25%
6
25%
6
25%
6
25%
6
25%
6
25%
6
25%
6
25%
6
25%
7
25%
7
25%
7
25%
7
25%
7
25%
7
25%
7
25%
7
25%
8
25%
8 沿
25%
8
25%
8
25%
8
25%
8
25%
8
25%
8
25%
8
25%
8
25%
8
25%
8
25%
8
25%
8
25%
9
25%
9
25%
9
25%
9
25%
9
25%
9
25%
9
25%
9 姿
25%
9
25%
9
25%
9
25%
9
25%
9
25%
9 退
25%
9
25%
9
25%
9
25%
9
25%
9
25%
10
25%
10
25%
10
25%
10
25%
10
25%
10
25%
10
25%
10
25%
10
25%
10
25%
10
25%
10
25%
10
25%
10
25%
10
25%
10
25%
11
25%
11
25%
11
25%
11
25%
11
25%
11
25%
11
25%
11
25%
11
25%
11
25%
11
25%
11
25%
11
25%
11
25%
11
25%
12
25%
12
25%
12
25%
12
25%
12
25%
12
25%
12
25%
12
25%
12
25%
12
25%
12
25%
13
25%
13
25%
13
25%
13
25%
13
25%
13
25%
13
25%
13
25%
13
25%
13
25%
13
25%
13
25%
13
25%
14
25%
14
25%
14
25%
14
25%
14
25%
14
25%
14
25%
14
25%
15
25%
15
25%
15
25%
15
25%
15
25%
15
25%
16
25%
16
25%
16
25%
16
25%
16
25%
16
25%
16
25%
16
25%
17
25%
17
25%
17
25%
17
25%
18
25%
18
25%
19
25%
19
25%
6
0%
8
0%
8
0%
10
0%
10
0%
10
0%
11
0%
11
0%
12
0%
12
0%
13
0%
14
0%
14
0%
14
0%
15
0%
15
0%
No matching quizzes found
Score Distribution
Percent of People with Each Score
Percentile by Number Answered
Your Score History
You have not taken this quiz